| 000 | 00983cam a2200229 4500 | ||
|---|---|---|---|
| 001 | ABS62375 | ||
| 008 | 000000n2000 000 0 eng u | ||
| 035 | _a(Sirsi) u106132 | ||
| 100 | _aVarcoe, B. | ||
| 245 | 2 | _aA process for the portfolio management of real estate assets | |
| 260 | _c2000 | ||
| 490 |
_aJournal of Corporate Real Estate _v2(2) 2000, 113-122(9) |
||
| 520 | _aIdentifies the need for a portfolio approach to the management of property assets and sets out its key components as a 'macro' level process. Describes the main generic components of real estate portfolio management and concludes that a more robust approach is needed to maximise property functional and financial value to the business. | ||
| 590 | _aABS | ||
| 650 | _aPORTFOLIO MANAGEMENT | ||
| 650 | _aCORPORATE REAL ESTATE | ||
| 650 |
_aProperty management _96262 |
||
| 650 | _aPROPERTY ASSETS | ||
| 650 | _aINVESTMENT | ||
| 690 | _aPROPERTY MANAGEMENT-CORPORATE REAL ESTATE | ||
| 942 | _n0 | ||
| 999 |
_c63583 _d63583 |
||